banner-ar

W.A.MOZART: DIE ENTFUBRUNG AUS DEM SERAIL / (Record no. 11411)

MARC details
000 -الفاتح
حقل البيانات ثابتة الطول 00405nam a2200157Ia 4500
040 ## - مصدر الفهرسة
وكالة الفهرسة الأصلية GCL /
وكالة النسخ GCL
082 04 - رقم تصنيف ديوى العشرى
رقم التصنيف 782.1
رقم المادة B W
100 1# - المدخل الرئيسى - إسم شخصى
الإسم الشخصى BAUMAN, THAMAS
245 10 - بيان العنوان
العنوان W.A.MOZART: DIE ENTFUBRUNG AUS DEM SERAIL /
بيان المسئوليه,etc BAUMAN, THAMAS
260 ## - PUBLICATION, DISTRIBUTION, ETC. (IMPRINT)
تاريخ النشر أو التوزيع 1991
300 ## - الوصف المادى
التعداد 141P
650 04 - المدخل الاضافى بالموضوع-مصطلح موضوعى
مصطلح موضوعي MUSIC
650 04 - المدخل الاضافى بالموضوع-مصطلح موضوعى
مصطلح موضوعي MOZART, WOLFGANG AMADEUS
942 ## - عناصر المدخل الإضافي( كوها)
مصدر التصنيف او مخطط الترفيف Dewey Decimal Classification
Koha [default] item type كتاب
260 ## - PUBLICATION, DISTRIBUTION, ETC. (IMPRINT)
-- [S.N] :
-- CAMBRIBGE UNIVERSITY PRESS ،
Holdings
حالة التراجع حالة الفقد حالة تلف ليس للاعارة المكان المؤقت الموقع الحالى تاريخ الاكتساب اجمالي اﻻعارات رقم الطلب الباركود تاريخ اخر مشاهدة تاريخ تفعيل السعر نوع وعاء كوها
        مكتبة القاهرة الكبرى مكتبة القاهرة الكبرى 03/26/2014   782.1\B W 22575 03/26/2014 03/26/2014 كتاب

Powered By

EGPV